Elementos de una política de alimentación y nutrición en America Latina
Saved in:
| Corporate Author: | |
|---|---|
| Format: | Book |
| Language: | English |
| Published: |
Washington, D.C
Organización Panamericana de la Salud
1969
|
| Series: | Publicación Cientifica, 194
|
| Subjects: | |
| Tags: |
Add Tag
No Tags, Be the first to tag this record!
|
MARC
| LEADER | 00000nam a2200000 a 4500 | ||
|---|---|---|---|
| 001 | UCW4118 | ||
| 003 | CL-VaPUC | ||
| 008 | 890904e19690000US |||||||||||||||||eng|d | ||
| 082 | 0 | 4 | |a 641.1 |b ORG |2 21 |
| 110 | 2 | |a Organización Mundial de la Salud |e author |9 308675 | |
| 245 | 1 | 0 | |a Elementos de una política de alimentación y nutrición en America Latina |
| 300 | |a 28 p | ||
| 942 | |c BK | ||
| 945 | |d 19890904 00:00:00 | ||
| 260 | |a Washington, D.C |b Organización Panamericana de la Salud |c 1969 | ||
| 650 | 7 | |a DESNUTRICION |2 CL-VaPUC |9 261353 | |
| 650 | 0 | |a Nutrición |9 259434 | |
| 651 | 0 | |a América Latina |9 255027 | |
| 583 | |a last modification |c 19890904 00:00:00 |k Rodrigo Vera | ||
| 490 | 0 | |a Publicación Cientifica, 194 | |
| 999 | |c 217919 |d 217917 | ||
| 952 | |0 0 |1 0 |4 0 |6 641_100000000000000_ORG_1969 |7 0 |8 P |9 206584 |a BIBEDU |b BIBEDU |c BIBEDU_PB |d 2019-11-15 |i 2744066 |o 641.1 ORG 1969 |p 2744066 |r 2024-01-25 |w 2019-11-15 |y BK |k EDU | ||